Catálogo
 En Linea

Trigonometría y geometría del espacio : (Registro nro. 12447)

Detalles MARC
000 -CABECERA
campo de control de longitud fija 01880nam a2200181 a 4500
001 - NÚMERO DE CONTROL
campo de control 000012796
005 - FECHA Y HORA DE LA ÚLTIMA TRANSACCIÓN
campo de control 20200929163057.0
008 - DATOS DE LONGITUD FIJA--INFORMACIÓN GENERAL
campo de control de longitud fija 091117s1980 dr a r 001 0 spa d
020 ## - NÚMERO INTERNACIONAL ESTÁNDAR DEL LIBRO
Número Internacional Estándar del Libro 8449936985
040 ## - FUENTE DE LA CATALOGACIÓN
Centro catalogador/agencia de origen DO-SdBNP
Lengua de catalogación spa
Centro/agencia transcriptor BNPHU
082 ## - NÚMERO DE LA CLASIFICACIÓN DECIMAL DEWEY
Número de clasificación xxxx
Número de documento/Ítem xxxx
100 1# - ENTRADA PRINCIPAL--NOMBRE DE PERSONA
Nombre de persona Ruiz de Rayuela, María Consuelo
9 (RLIN) 29607
245 00 - MENCIÓN DE TÍTULO
Título Trigonometría y geometría del espacio :
Resto del título tercer curso de bachillerato, quinto curso de la reforma /
Mención de responsabilidad, etc. María Consuelo Ruiz de Rayuela ; prólogo María Consuelo de Royuela.
260 ## - PUBLICACIÓN, DISTRIBUCIÓN, ETC.
Lugar de publicación, distribución, etc. Santo Domingo :
Nombre del editor, distribuidor, etc. Susaeta,
Fecha de publicación, distribución, etc. 1980.
300 ## - DESCRIPCIÓN FÍSICA
Extensión 253 p. :
Otras características físicas il. ;
Dimensiones 25 cm.
505 0# - NOTA DE CONTENIDO CON FORMATO
Nota de contenido con formato Trigonometría --
Título Funciones trigonométricas de ángulos agudos --
-- Funciones trigonométricas de ángulos cualesquiera --
-- Representación geométricas de las funciones trigonométricas en el círculo --
-- Variaciones de las funciones trigonométricas y representación gráfica --
-- Reducción de las funciones trigonométricas al primer cuadrante --
-- Relaciones entre las funciones trigonométricas de un ángulo --
-- Funciones trigonométricas de la suma y de la diferencia de dos ángulos --
-- Funciones trigonométricas de los ángulos duplo, triplo y mitad --
-- Conversión de productos en sumas o diferencias. Conversión de sumas o diferencias en productos. Ley de senos. Ley de cosenos. Ley de tangentes. Resolución de triángulos --
-- Logarismos y sus propiedades --
Información miscelánea Geometría del espacio
Título Geometría del espacio. Conceptos generales --
-- Perpendicularidad de rectas y planos --
-- Ángulos diedros --
-- Proyecciones: Proyección del punto --
-- Proyecciones de recta y plano --
-- Ángulos poliedros --
-- Prismas--
-- La pirámide --
-- Cuerpos redondos --
-- Superficie cónica y cono de revolución --
-- La superficie esférica y la esfera --
-- Igualdad y semejanza de poliedros. Poliedros regulares --
-- Secciones cónicas.
700 12 - PUNTO DE ACCESO ADICIONAL--NOMBRE DE PERSONA
Nombre de persona Royuela, María Consuelo de,
Término indicativo de función/relación pról.
9 (RLIN) 29608
Existencias
Estado de retiro Estado de pérdida No para préstamo Código de colección Localización permanente Ubicación/localización actual Ubicación en estantería Fecha de adquisición Número de inventario Total de préstamos Signatura topográfica completa Código de barras Fecha visto por última vez Precio válido a partir de Tipo de ítem Koha
    Excluido de préstamo Patrimonio Dominicano Patrimonio Dominicano Patrimonio Dominicano Depósito 17.11.2009 LF1   xxxx xxxx 12796-10 25.06.2020 25.06.2020 Libro y Folleto Colección Patrimonio Dominicano

Con tecnología Koha